000 00276nam a2200121Ia 4500
005 20251222144832.0
008 251222s9999||||xx |||||||||||||| ||spa||
020 _a84-7141-251-9
082 _a263.5/C76R
245 0 _aRetiros y Celebraciones
264 _bEdice
942 _cLIB
999 _c20885
_d20885